000 00340nam a2200145Ia 4500
008 150301s2015 xx 000 0 und d
082 _a615.19
_bP13R
100 _aRAO, G. DEVALA
245 _aTEXBOOK OF PHARMACEUTICAL ANALYSIS
250 _a5TH
260 _bBIRLA PUBLISHER
300 _a260
650 _aBIOLOGY
942 _2ddc
_cBK
_01
999 _c7058
_d7058